| 000 | 00403nam a2200157Ia 4500 | ||
|---|---|---|---|
| 003 | Ost | ||
| 005 | 20260225132541.0 | ||
| 008 | 260225s9999||||xx |||||||||||||| ||und|| | ||
| 040 | _cfsic | ||
| 041 | _afre | ||
| 082 | _a341.242 | ||
| 100 |
_aBranko savic _eAuteur |
||
| 245 | 0 | _aLa Yougoslavie en lutte pour l'unité d'action du mouvement des non-alignes / | |
| 245 | 0 | _cBranko savic | |
| 942 | _cكتاب | ||
| 999 |
_c33542 _d33542 |
||